Guía análisis y zonificación de cuencas hidrográficas para el ordenamiento territorial
-д хадгалсан:
| Байгууллагын зохиогч: | |
|---|---|
| Формат: | Ном |
| Хэл сонгох: | испани |
| Хэвлэсэн: |
Santiago
Subsecretaría de Desarrollo Regional y Administrativo
2013
|
| Хэвлэл: | 1a. ed |
| Нөхцлүүд: | |
| Шошгууд: |
Шошго нэмэх
Шошго байхгүй, Энэхүү баримтыг шошголох эхний хүн болох!
|
MARC
| LEADER | 00000cam a2200000 a 4500 | ||
|---|---|---|---|
| 001 | UCE0149 | ||
| 003 | CL-VaPUC | ||
| 008 | 140103e20130600cl |||||||||||||||||spa|d | ||
| 020 | |a 9789568468422 | ||
| 082 | 0 | 4 | |a 333.73 |b SUB |2 21 |
| 110 | 2 | |a Subsecretaría de Desarrollo Regional y Administrativo |e author |9 572568 | |
| 245 | 1 | 0 | |a Guía análisis y zonificación de cuencas hidrográficas para el ordenamiento territorial |
| 250 | |a 1a. ed | ||
| 300 | |a 139 p | ||
| 942 | |c BK | ||
| 945 | |d 20140103 12:15:00 |a dcastane | ||
| 260 | |a Santiago |b Subsecretaría de Desarrollo Regional y Administrativo |c 2013 | ||
| 650 | 0 | |a Cuencas hidrográficas |9 366259 | |
| 650 | 0 | |a Análisis morfométrico |9 528705 | |
| 650 | 0 | |a Hidrología |9 261396 | |
| 650 | 0 | |a Ordenamiento territorial |9 469387 | |
| 583 | |a last modification |c 20140103 12:15:00 |k Rodrigo Vera | ||
| 999 | |c 354424 |d 354422 | ||
| 952 | |0 0 |1 0 |3 erb |4 0 |6 333_730000000000000_SUB_2013 |7 0 |8 A |9 460282 |a BIBING |b BIBING |i 5042313 |o 333.73 SUB 2013 |p 5042313 |r 2025-01-20 |w 2019-11-23 |y BK |z Catalogado en:20140103 |k GEO | ||
| 952 | |0 0 |1 0 |3 erb |4 0 |6 333_730000000000000_SUB_2013 |7 0 |8 A |9 460283 |a BIBING |b BIBING |i 5094151 |l 1 |o 333.73 SUB 2013 |p 5094151 |r 2025-01-20 |s 2024-11-25 |w 2019-11-23 |y BK |z Catalogado en:20140814 |k GEO | ||
| 952 | |0 0 |1 0 |3 erb |4 0 |6 333_730000000000000_SUB_2013 |7 0 |8 P |9 460284 |a BIBARQ |b BIBARQ |i 5194202 |o 333.73 SUB 2013 |p 5194202 |r 2025-01-20 |w 2019-11-23 |y BK |z Catalogado en:20150813 |k ARQ | ||
| 952 | |0 0 |1 0 |3 erb |4 0 |6 333_730000000000000_SUB_2013 |7 0 |8 A |9 460285 |a BIBING |b BIBING |i 5194156 |o 333.73 SUB 2013 |p 5194156 |r 2025-01-20 |w 2019-11-23 |y BK |z Catalogado en:20150813 |k GEO | ||
| 952 | |0 0 |1 0 |3 erb |4 0 |6 333_730000000000000_SUB_2013 |7 0 |8 A |9 460286 |a BIBING |b BIBING |i 5194164 |o 333.73 SUB 2013 |p 5194164 |r 2025-01-20 |w 2019-11-23 |y BK |z Catalogado en:20150813 |k GEO | ||
| 952 | |0 0 |1 0 |3 erb |4 0 |6 333_730000000000000_SUB_2013 |7 0 |8 A |9 460287 |a BIBING |b BIBING |i 5194172 |o 333.73 SUB 2013 |p 5194172 |r 2025-01-20 |w 2019-11-23 |y BK |z Catalogado en:20150813 |k GEO | ||